00337 a2200133 4500001000700000020001800007040001100025100002800036240006000064245005500124300000700179362000900186440000800195188428 a85-7153-053-X cMagnum aBrandao, Maria do Carmo10aDom chicote sem mancha e seu amigo balanca-a-pancalpor10aDom chicote sem mancha e seu amigo balanca-a-panca a200 a1993 1aRHJ